000 00308nam a2200109 4500
245 _aGun for sale : an entertainment
_cGraham Greene
100 _aGreene, Graham
260 _aHarmondsworth ,Eng
_bPenguin Books
_c1963 [reprinted 1968]
300 _a189p.; 18cm.
490 _aPenguin books
082 _a823.912
_bGRE
999 _c1746
_d1746